000 00370nam a22001577a 4500
005 20160624103725.0
008 160624b xxu||||| |||| 00| 0 eng d
020 _a978-0-07-065651-2
041 _aeng
082 _b9687
245 _aPower Influence and Pervasion
260 _bHarvard Business Essention
300 _a129
650 _aManagement
_9241
942 _cBK
999 _c3769
_d3768